00238nam a2200109Ia 4500008004100000100001600041245001500057260002000072650001200092942000700104999001700111190216s9999||||xx |||||||||||||| ||und|| aJose Weider 0aMr Olympia bSt Martin Press aEnglish cBK c13480d13480